Weiter zum Inhalt

Электроснабжение и электропотребление на предприятиях Учебное пособие

Рассмотрены вопросы электроснабжения и электропотребления на промышленных предприятих. Приведены сведения об электрических нагрузках и методах их расчета распределения электрической энергии. Описаны конструкции электрических сетей и подстанций. Рассматривается выбор электрооборудования в системах эл...

Ausführliche Beschreibung

Gespeichert in:
Bibliographische Detailangaben
1. Verfasser: Щербаков Е.Ф
Format: Учебное пособие
Ausgabe:2
Schriftenreihe:СПО
Online Zugang:https://znanium.com/catalog/document?id=418557
https://znanium.com/cover/1897/1897008.jpg
Tags: Tag hinzufügen
Keine Tags, Fügen Sie den ersten Tag hinzu!
LEADER 03577nam0a2200361 i 4500
001 RU\infra-m\znanium\bibl\1897008
003 https://znanium.com/catalog/document?id=418557
005 20240814000000.0
010 |a 978-5-00091-650-6 
010 |a 978-5-16-107229-5  |b электр. издание 
010 |a 978-5-16-014725-3  |b ISBN соиздателя 
100 |a 20240814d2022 m y0rusy0150 ca 
101 0 |a rus 
102 |a RU 
200 1 |a Электроснабжение и электропотребление на предприятиях  |e Учебное пособие 
205 |a 2  |b перераб. и доп. 
210 1 |a Москва  |c Издательство "ФОРУМ"  |d 2023 
215 |a 495 с. 
225 1 |a СПО 
330 |a Рассмотрены вопросы электроснабжения и электропотребления на промышленных предприятих. Приведены сведения об электрических нагрузках и методах их расчета распределения электрической энергии. Описаны конструкции электрических сетей и подстанций. Рассматривается выбор электрооборудования в системах электроснабжения принципы и методы расчета режимов электрических сетей компенсации реактивной мощности защиты и автоматики в системах электроснабжения качество электрической энергии и надежности электроснабжения режимы электропотребления. Учебное пособие предназначается для студентов образовательных учреждений среднего профессионального образования обучающихся по специальности «Электроснабжение». Также может быть использовано студентами высшего образования и специалистами занятыми проектированием и эксплуатацией систем электроснабжения предприятий. 
333 |a Среднее профессиональное образование 
606 |a Промышленность. Энергетика  |x Электроэнергетика. Электротехника  |2 local 
608 |a Учебное пособие  |2 local 
675 |a 621.3(075.32)  |z rus 
686 |a 31.29-5я723  |2 rubbk 
686 |a 13.02.07  |2 okso 
686 |a 13.02.13  |2 okso 
700 1 |a Щербаков  |b Е.Ф.  |g Евгений Федорович 
701 1 |a Александров  |b Д. С.  |g Дмитрий Степанович  |p Ульяновский государственный технический университет 
701 1 |a Дубов  |b А. Л.  |g Александр Леонидович  |p Ульяновский государственный технический университет 
801 0 |a RU  |b Общество с ограниченной ответственностью «ЗНАНИУМ»  |c 20220629  |2 rusmarc 
856 4 |a znanium.com  |m ebs_support@infra-m.ru  |n НИЦ ИНФРА-М  |u https://znanium.com/catalog/document?id=418557 
856 4 1 |a znanium.com  |d /cover/1897  |f 1897008.jpg  |q image/jpeg  |u https://znanium.com/cover/1897/1897008.jpg